| 000 | 00673nam a2200205 a 4500 | ||
|---|---|---|---|
| 001 | 000046920 | ||
| 005 | 20201002053218.0 | ||
| 008 | 180406s2015 dr a 000 0 spa d | ||
| 020 | _z9789945495925 | ||
| 040 |
_aDO-SdBNP _bspa _cBNPHU |
||
| 082 |
_axxxx _bV181a |
||
| 100 | 1 |
_aValle Tineo de Hernández, María del _974846 |
|
| 245 | 1 | 0 |
_aAtención & Concentración 1 / _cMaría del Valle Tineo de Hernández, Nathalie Feliú Domínguez. |
| 260 |
_aSanto Domingo : _bActualidad Escolar 2000, _c2015. |
||
| 300 |
_a96 p. : _bil. ; _c22 cm. |
||
| 490 | 1 | _aVeraz | |
| 590 | _aInventariado, 2018/LP | ||
| 700 | 1 |
_aFeliú Domínguez, Nathalie _974847 |
|
| 830 | 0 |
_aVeraz _974848 |
|
| 999 |
_c46408 _d46408 |
||